000 01414nam a2200265Ia 4500
001 18548
003 GE_BSU
008 181216s||||||||xx |||||||||||||| ||und||
020 _a9789941462252
040 _cGE_BSU
080 _a811.353.1'282(038)
100 _aნოღაიდელი,ჯემალ.
245 _aაჭარული კილოს სალექსიკონო მასალები
245 _b-XXს.30-50-იანი წლები
245 _cრედ:რომან მალაყმაძე
250 _aბათუმის შოთა რუსთაველის სახ.უნ-ტი, ნიკო ბერძენიშვილის ინ-ტი.
260 _aბათუმი.
260 _bუნ-ტის გამ-ბა,
260 _c2015
300 _a355გვ;22სმ.
541 _h10ლ.86თ.
653 _aაჭარული კილოს სალექსიკონო მასალები
653 _aეს მასალები მოიცავს XXს.30-50-იანი წლების აჭარის ისტორიის,ეთნოგრაფიულ,ფოლკლორულ,სამეურნეო თუ სოციალურ-ეკონომიკური მდგომარეობის ამსახველ ცნობებს.
942 _cBK
999 _c51557
_d51557